000 01137cad a22002295a 4500
001 L157995
008 130930s2013 xxk f 000 0 eng d
035 _a(Sirsi) u157995
041 0 _aeng
110 2 _aRoyal Institution of Chartered Surveyors
_94900
245 0 0 _aAnalysis of commercial lease transactions
_bHong Kong
_h[archived]
260 _aCoventry
_bRICS
_c2013
490 _aRICS Guidance Note
520 _aProvides guidance to valuers carrying rental valuations of commercial property in Hong Kong. Looks at gathering comparable evidence and taking a range of incentives into consideration such as rent free periods, premiums, capital payments, stepped rents and lease surrenders. Includes worked examples and case studies.
520 _aArchived May 2022. No longer current.
590 _aKA
651 4 _aHong Kong
690 _aCommercial property
_96227
690 _aValuation
_96273
856 4 0 _uhttps://www.isurv.com/download/downloads/id/5725/archive_analysis_of_commercial_lease_transactions_hong_kong_1st_edition_2013%E2%80%93may_2022.pdf
_zArchived on isurv (subscription required)
942 _n0
_2ddc
999 _c115063
_d115063